000
00208nam a2200109Ia 4500
100
_a
#N/A
942
_c
BK
654
_a
embedded software
245
_a
Embedded Software
260
_b
#N/A
546
_a
ENGLISH
999
_c
19603
_d
19603